000 00381 a2200157 4500
001 150301
040 _cEscola São Tomás de Aquino
100 _aMOUSSE, Marion
240 1 0 _aFrankenstein
_lpor
245 1 0 _aFrankenstein
300 _a141
362 0 _a2009
440 1 _aModerna
697 _aCaricaturas, desenho animado, cômico, fotonovelas / Quadrinhos
942 _cBK
999 _c150301
_d150301